000 01051nam a2200289Ia 4500
003 OSt
005 20221005110545.0
006 a|||||r|||| 00| 0
007 ta
008 221004b |||||||| |||| 00| 0 hin d
020 _a9788126316656 (pbk)
_cINR 70.00
024 _a37476
037 _bBW/1693, 15/03/2018, Bookwell
_cTextual
040 _aCRL
_cCRL
_bhin
041 _2hin
_ahin
082 _aO152,1N276x, P9
100 _aकुॅंवर नारायण, ले.
245 0 _aआत्मजयी
246 _aĀtmajayī
260 _aनई दिल्ली
_bभारतीय ज्ञानपीठ भारत
_c2009
300 _a124पृ0
_ccm.
490 _aराष्ट्रभारती; ग्रन्थांक 208
650 _a हिन्दी साहित्य
650 _aहिन्दी कविता
942 _hO152,1N276x, P9
_cTEXL
_2cc
999 _c1019195
_d1019195